Curso de historia universal (Record no. 161605)

MARC details
000 -LEADER
campo de control de longitud fija 00943nam a2200205 i 4500
001 - NÚMERO DE CONTROL
campo de control 161605
003 - IDENTIFICADOR DE NÚMERO DE CONTROL
campo de control ES-MaACL
005 - FECHA Y HORA DE LA ÚLTIMA TRANSACCIÓN
campo de control 20250819165551.0
008 - DATOS DE LONGITUD FIJA--INFORMACIÓN GENERAL
campo de control de longitud fija 981002s1883 sp |||| | spa d
100 1# - ENTRADA PRINCIPAL--NOMBRE DE PERSONA
Nombre de persona Pedregal Cañedo, Manuel,
Fechas asociadas al nombre 1831-1896
9 (RLIN) 130930
245 10 - MENCIÓN DEL TÍTULO
Título Curso de historia universal
Resto del título : sexta conferencia [tema: el feudalismo] /
Mención de responsabilidad, etc. explicada por Manuel Pedregal y Cañedo el día 4 de abril de 1882.
260 ## - PUBLICACIÓN, DISTRIBUCIÓN, ETC.
Lugar de publicación, distribución, etc. Madrid :
Nombre del editor, distribuidor, etc. [s.n.],
Fecha de publicación, distribución, etc. 1883 (
Fabricante Tip. de Manuel G. Hernández)
300 ## - DESCRIPCIÓN FÍSICA
Extensión 32 p. ;
Dimensiones 24 cm.
594 ## - Nota al título y mención de responsabilidad
Nota al título y mención de responsabilidad Precede al tít.: Ateneo Científico y Literario de Madrid.
610 27 - PUNTO DE ACCESO ADICIONAL DE MATERIA--NOMBRE DE ENTIDAD CORPORATIVA
Nombre de entidad corporativa o nombre de jurisdicción como elemento de entrada Ateneo de Madrid-
Subdivisión de forma Conferencias-
Subdivisión cronológica S.XIX.
9 (RLIN) 1910
650 #7 - PUNTO DE ACCESO ADICIONAL DE MATERIA--TÉRMINO DE MATERIA
Término de materia o nombre geográfico como elemento de entrada Feudalismo
Fuente del encabezamiento o término embne
9 (RLIN) 12768
852 ## - LOCALIZACIÓN
Ubicación ES-MaACL
Número de control de estantería T-352-F-10
Nota libre - Enc. hol.
condición física - Falto de cub. original
Nota libre - Enc. en un vol. facticio
852 ## - LOCALIZACIÓN
Ubicación ES-MaACL
Número de control de estantería T-378-F-17
Nota libre - Enc. hol.
condición física - Falto de cub. original
Nota libre - Enc. en un vol. facticio
Holdings
Estatus retirado Estado de pérdida Estado de daño No para préstamo Colección Biblioteca de origen Biblioteca actual Ubicación en estantería Fecha de adquisición Total de préstamos Signatura topográfica completa Código de barras Visto por última vez Precio de reemplazo Tipo de ítem Koha
        Colección de folletos Biblioteca del Ateneo de Madrid Biblioteca del Ateneo de Madrid Depósito folletos 17/01/2008   T-378-F-17 1169281 23/02/2023 23/02/2023 Folleto
        Colección de folletos Biblioteca del Ateneo de Madrid Biblioteca del Ateneo de Madrid Depósito folletos 17/01/2008   T-352-F-10 1169280 23/02/2023 23/02/2023 Folleto